000
00320nam a22001457a 4500
008
230419b ||||| |||| 00| 0 eng d
020
_a
9780446512516
041
_a
eng
080
_a
37
082
_a
37NAI
100
_a
23
101
_a
EDUK
245
_a
MEGATRENDS TEN NEW DIRECTION
_c
NAISBITT.J
942
_2
udc
_c
BK
999
_c
59606
_d
59606